000 00537nam a2200193Ia 4500
005 20250326142242.0
008 250326s9999 xx 000 0 und d
020 _a1-55738-563-7
037 _aTextbook
040 _aFMSL
_beng
_cFMSL
041 _aeng
_2eng
084 _aX65 N4
_qFMSL
100 _aCaes C J
_9745808
245 0 _aTools of the bull : How tomake big money in bull markets
_cCaes C J
260 _aChicago
_bChicago, Probus
_c1994
300 _a276p
942 _cTB
_hX65 N4
999 _c1294139
_d1294139